| 000 | 00581nam a2200205Ii 4500 | ||
|---|---|---|---|
| 003 | JO-AjNU | ||
| 008 | 230606s9999||||xx |||||||||||||| ||und|| | ||
| 020 | _a978-9840614-1-9 | ||
| 040 |
_aJO-AjNU _beng _erda _cJO-AjNU |
||
| 041 | _aeng | ||
| 050 | 1 | 4 | _aHG221.V652 2010 |
| 100 | 3 |
_aMises,Ludwig Von, _eauthor _9631 |
|
| 245 | 0 | 4 | _aThe Theory of Money and Credit |
| 264 | 3 | 1 | _aOrlando : Signalman Publishing,2010 |
| 300 | _a239p | ||
| 336 |
_atext _btxt _2rdacontent |
||
| 337 |
_aunmediated _bn _2rdamedia |
||
| 338 |
_avolume _bnc _2rdacarrier |
||
| 650 | 4 |
_aMoney and Credit _9632 |
|
| 999 |
_aE332 _c332 _d332 |
||